| 000 | 00670cam a22002413a 4500 | ||
|---|---|---|---|
| 001 | 32471 | ||
| 003 | PGUSA | ||
| 005 | 20140828083713.0 | ||
| 008 | 100521s2010||||xxu|||||s|||||000 | eng d | ||
| 040 |
_aPGUSA _beng |
||
| 042 | _adc | ||
| 050 | 4 | _aN | |
| 100 | 1 |
_aCarpenter, Flora L. _q(Flora Leona), _d1880- |
|
| 245 | 1 | 0 |
_aStories Pictures Tell. Book One _h[electronic resource] / _cFlora L. Carpenter |
| 260 |
_bProject Gutenberg, _c2010 |
||
| 506 | _aPublic domain in the USA. | ||
| 516 | _aElectronic text | ||
| 653 | _aPainters | ||
| 653 | _aPainting | ||
| 830 | 0 |
_aProject Gutenberg _v32471 |
|
| 856 | 4 | 0 | _uhttp://www.gutenberg.org/ebooks/32471 |
| 942 | _cEB | ||
| 999 |
_c261726 _d261726 |
||